000 00306nam a22001337a 4500
008 171010b xxu||||| |||| 00| 0 eng d
020 _a9780416337808
041 _aeng
080 _a316
100 _a50
101 _aSOC
245 _aSOCIAL INTERACTION AND ITS MANAGEMENT
_cCAHAGAN,J
942 _2udc
_cBK
999 _c32834
_d32834